000 00779nam a2200241 i 4500
003 DO-SdBNP
005 20240613143732.0
007 ta
008 240612b19? cu ||||| |||| 00| 0 spa d
040 _aDO-SdBNP
_bspa
_cBNPHU
_erda
082 4 _222
_bH557e
100 _aHernández, Enrique
_eautor
_921494
245 1 0 _aEl estatuto social y el estatuto juridico de la mujer dominicana actual :
_bconferencia /
_cEnrique Hernández
264 _aCiudad no identificada :
_bEditora no identificada,
_cfecha no identificada
300 _a50 páginas ;
_c29 cm.
336 _2rdacontent
_atexto
_btxt
337 _2rdamedia
_asin mediación
_bn
338 _2rdacarrier
_avolumen
_bnc
590 _aInventariado, 2024/DG
700 _922967
910 _aBtavárez
942 _2ddc
_cLBS1
999 _c56850
_d56850